Der Tod Jesu eine Cantate /

Hlavní autor: Graun, Carl Heinrich, 1704-1759
Jazyk: Němčina
Vydáno: Leipzig : Johann Gottlob Immanuel Breitkopf, 1760
Témata:
Externí odkaz: Zobrazení hudebního incipitu
Digitalizovaný dokument
Fyzický popis: 1 partitura (116 s.) ; 38 cm
Hudebniny Hudebniny
Uloženo v:
LEADER 01747ncm a2200397 a 4500
001 000798533
003 CZ BrMZK
005 20140220123123.0
007 qu
008 051122s1760 gw cta g ger d
031 |a 01  |b 01  |c 01  |m S  |g C-1  |n bBEA  |o c  |p 2-'G/''C'B/AG/1F/G/  |r E|b  |t Du dessen Augen flossen  |2 pe 
040 |a BOA001  |b cze 
072 7 |a 783  |x Církevní hudba. Duchovní hudba. Náboženská hudba  |2 Konspekt  |9 9 
080 |a 783.3  |2 MRF 
080 |a 78.087.68:785.16  |2 MRF 
080 |a 78.089.6  |2 MRF 
080 |a (0.068)78  |2 MRF 
100 1 |a Graun, Carl Heinrich,  |d 1704-1759  |7 jn20000602325  |4 cmp 
245 1 4 |a Der Tod Jesu  |h [hudebnina] :  |b eine Cantate /  |c in die Musik gesetzt von Herrn Carl Heinrich Graun 
254 |a Partitura 
260 |a Leipzig :  |b Johann Gottlob Immanuel Breitkopf,  |c 1760 
300 |a 1 partitura (116 s.) ;  |c 38 cm 
561 |a Provenience: (etiketa) Carl Winiker's Musikalien-Leih-Anstalt Nro. 13881 
500 |a Dostupné též v digitální podobě v aplikaci Kramerius 
650 0 7 |a církevní kantáty  |7 ph262194  |y 18. stol.  |2 czenas 
655 7 |a partitury  |7 fd185981  |2 czenas 
655 7 |a hudební staré tisky  |7 fd278470  |2 czenas 
856 4 1 |u http://audioserver.mzk.cz/incipity/png/000798533_01_01_01.png  |y Zobrazení hudebního incipitu 
856 4 1 |u http://www.digitalniknihovna.cz/mzk/view/uuid:5c5a6d8c-b434-4496-a9ac-67d518230273  |y Digitalizovaný dokument 
910 |a BOA001  |b STMus5-0376.827 
978 |a Breitkopf  |b Johann Gottlob Immanuel  |c Leipzig  |f 1760 
984 |a Lipsko  |b Německo 
990 |a MU 
993 |a Y 
991 |b 200511 
996 6 |b 2619261216  |c STMus5-0376.827  |l Stud. starých tisků/4.patro  |r Sklad / do násl. otevíracího dne  |n 1  |w 000798533  |u 000010  |a 1  |e BOA001  |j MZK50  |s P